Estadística general

সংরক্ষণ করুন:
গ্রন্থ-পঞ্জীর বিবরন
প্রধান লেখক: Haber, Audrey (Author), Runyon, Richard Porter (Author)
বিন্যাস: গ্রন্থ
ভাষা:স্প্যানিশ
প্রকাশিত: Bogotá Fondo Educativo Interamericano 1973
বিষয়গুলি:
ট্যাগগুলো: ট্যাগ যুক্ত করুন
কোনো ট্যাগ নেই, প্রথমজন হিসাবে ট্যাগ করুন!

MARC

LEADER 00000nam a2200000 a 4500
001 UCW1140
003 CL-VaPUC
008 910924e19730000CK |||||||||||||||||spa|d
082 0 4 |a 519.5  |b HAB  |2 21 
100 |a Haber, Audrey  |e author  |9 424373 
700 0 |a Runyon, Richard Porter  |e author  |9 305043 
245 1 0 |a Estadística general 
300 |a 371 p 
942 |c BK 
945 |d 19910924 00:00:00 
260 |a Bogotá  |b Fondo Educativo Interamericano  |c 1973 
650 0 |a Estadística   |9 259535 
583 |a last modification  |c 19910924 00:00:00  |k Rodrigo Vera 
999 |c 216079  |d 216077 
952 |0 0  |1 0  |4 0  |6 519_500000000000000_HAB_1973  |7 0  |8 A  |9 201525  |a BIBGIM  |b BIBGIM  |d 2019-11-14  |i 268781K  |o 519.5 HAB 1973  |p 268781K  |r 2025-01-15  |w 2019-11-14  |y BK  |k EST 
952 |0 0  |1 0  |4 0  |6 519_500000000000000_HAB_1973  |7 0  |8 A  |9 201526  |a BIBGIM  |b BIBGIM  |d 2019-11-14  |i 2687828  |o 519.5 HAB 1973  |p 2687828  |r 2025-01-15  |w 2019-11-14  |y BK  |k EST 
952 |0 0  |1 0  |4 0  |6 519_500000000000000_HAB_1973  |7 0  |8 P  |9 201527  |a BIBEDU  |b BIBEDU  |c BIBEDU_PB  |d 2019-11-14  |i 1550411  |o 519.5 HAB 1973  |p 1550411  |r 2024-01-25  |w 2019-11-14  |y BK  |k EDU 
952 |0 0  |1 0  |4 0  |6 519_500000000000000_HAB_1973  |7 0  |8 P  |9 201528  |a BIBEDU  |b BIBEDU  |c BIBEDU_PB  |d 2019-11-14  |i 1550438  |o 519.5 HAB 1973  |p 1550438  |r 2024-01-25  |w 2019-11-14  |y BK  |k EDU 
952 |0 0  |1 0  |4 0  |6 519_500000000000000_HAB_1973  |7 0  |8 P  |9 201529  |a BIBEDU  |b BIBEDU  |c BIBEDU_PB  |d 2019-11-14  |i 1550446  |o 519.5 HAB 1973  |p 1550446  |r 2024-01-25  |w 2019-11-14  |y BK  |k EDU 
952 |0 0  |1 0  |4 0  |6 519_500000000000000_HAB_1973  |7 0  |8 P  |9 201530  |a BIBEDU  |b BIBEDU  |c BIBEDU_PB  |d 2019-11-14  |i 1550454  |o 519.5 HAB 1973  |p 1550454  |r 2024-01-25  |w 2019-11-14  |y BK  |k EDU 
952 |0 0  |1 0  |4 0  |6 519_500000000000000_HAB_1973  |7 0  |8 P  |9 201531  |a BIBEDU  |b BIBEDU  |c BIBEDU_PB  |d 2019-11-14  |i 1550756  |o 519.5 HAB 1973  |p 1550756  |r 2024-01-25  |w 2019-11-14  |y BK  |k EDU 
952 |0 0  |1 0  |4 0  |6 519_500000000000000_HAB_1973  |7 0  |8 A  |9 201533  |a BIBGIM  |b BIBGIM  |d 2019-11-14  |i 327523K  |o 519.5 HAB 1973  |p 327523K  |r 2025-01-15  |w 2019-11-14  |y BK  |k SSL 
952 |0 0  |1 0  |4 0  |6 519_500000000000000_HAB_1973  |7 0  |8 A  |9 201534  |a BIBGIM  |b BIBGIM  |d 2019-11-14  |i 1309870  |o 519.5 HAB 1973  |p 1309870  |r 2025-01-15  |w 2019-11-14  |y BK  |k EST